Neuss Stadtteile - Statistiken

Allgemein
  • Dieses Quiz wurde 64 mal gespielt
  • Das Durchschnittsergebnis liegt bei 13 aus 28
Antwortstatistiken
Hint Antwort % Korrekt
27 Norf
74%
23 Holzheim
71%
12 Reuschenberg
71%
6 Gnadental
61%
25 Hoisten
61%
1 Innenstadt
58%
28 Rosellen
58%
8 Uedesheim
55%
9 Weckhoven
55%
13 Pomona
53%
19 Furth-Nord
50%
17 Furth-Süd
50%
7 Grimlinghausen
50%
20 Weißenberg
50%
10 Erfttal
47%
22 Barbaraviertel
45%
18 Furth-Mitte
45%
24 Grefrath
45%
11 Selikum
45%
14 Stadionviertel
45%
26 Speck / Wehl / Helpenstein
34%
21 Vogelsang
34%
2 Dreikönigenviertel
29%
4 Hammfeld
24%
5 Augustinusviertel
16%
16 Morgensternsheide
16%
3 Hafengebiet
8%
15 Westfeld
8%
Keine übereinstimmenden Quizze gefunden
Verteilung der Resultate
Anzahl Personen mit jedem Resultat
Perzentil nach korrekt beantworteten Fragen
Ihre Resultats-Entwicklung
Sie haben dieses Quiz noch nicht gespielt